| 000 | 00722nam a2200241Ia 4500 | ||
|---|---|---|---|
| 003 | OSt | ||
| 005 | 20220918183901.0 | ||
| 006 | a|||||r|||| 00| 0 | ||
| 007 | ta | ||
| 008 | 220917b |||||||| |||| 00| 0 eng d | ||
| 024 | _a41,936 | ||
| 037 | _cTextual | ||
| 040 |
_aARTS _cARTS _beng |
||
| 041 |
_2eng _aeng |
||
| 082 | _aO15,1DVA,1, J7 | ||
| 100 |
_aBhattatiri Payttattu Vasudeva _963798 |
||
| 245 | 0 | _aTripuradahanam with the comm Hrdayagrahini of Pankajaksa ed by Suranad Kunjuan Pillai | |
| 260 |
_aTrivandrun _bS V G Press _c1957 |
||
| 300 |
_a128p. _ccm. |
||
| 650 | _aENGLISH LITERATURE | ||
| 942 |
_hO15,1DVA,1, J7 _cTEXL _2CC |
||
| 999 |
_c174153 _d174153 |
||